LEADER 01055nam0-2200325---450- 001 990009480060403321 005 20111110155740.0 010 $a978-88-8335-895-1 035 $a000948006 035 $aFED01000948006 035 $a(Aleph)000948006FED01 035 $a000948006 100 $a20111110d2007----km-y0itay50------ba 101 0 $aita 102 $aIT 105 $ay-------001yy 200 1 $a<>Asia negli anni del drago e dell'elefante, 2005-2006$el'ascesa di Cina e India, le tensioni nel continente e il mutamento degli equilibri globali$fa cura di Michelguglielmo Torri 210 $aMilano$cGuerini$d2007 215 $a509 p.$d21 cm 610 0 $aPolitica$aAsia$a2005-2006 676 $a320.95$v21$zita 702 1$aTorri,$bMichelguglielmo 710 02$aAsia maior $0514265 801 0$aIT$bUNINA$gREICAT$2UNIMARC 901 $aBK 912 $a990009480060403321 952 $aXIII A 417$b44581$fFSPBC 959 $aFSPBC 996 $aAsia negli anni del drago e dell'elefante, 2005-2006$9852085 997 $aUNINA LEADER 02936nam 2200697Ia 450 001 9910955327503321 005 20200520144314.0 010 $a9780262314190 010 $a0262314193 010 $a9781299470156 010 $a1299470157 010 $a9780262314183 010 $a0262314185 035 $a(CKB)2550000001019617 035 $a(EBL)3339611 035 $a(SSID)ssj0000860135 035 $a(PQKBManifestationID)11479293 035 $a(PQKBTitleCode)TC0000860135 035 $a(PQKBWorkID)10884003 035 $a(PQKB)11733943 035 $a(Au-PeEL)EBL3339611 035 $a(CaPaEBR)ebr10686955 035 $a(CaONFJC)MIL478265 035 $a(OCoLC)839821878 035 $a(MiAaPQ)EBC3339611 035 $a(EXLCZ)992550000001019617 100 $a20121010d2013 uy 0 101 0 $aeng 135 $aur|n|---||||| 181 $ctxt 182 $cc 183 $acr 200 00$aCritical issues in taxation and development /$fedited by Clemens Fuest and George R. Zodrow 205 $a1st ed. 210 $aCambridge, MA $cMIT Press$d2013 215 $a1 online resource (253 p.) 225 1 $aCESifo seminar series 300 $aDescription based upon print version of record. 311 08$a9780262018975 311 08$a0262018977 320 $aIncludes bibliographical references and index. 327 $aContents; Series Foreword; I; 1 Introduction; 2 Taxation and Development-Again; II; 3 Do Companies View Bribes as a Tax? Evidence on the Tradeoff between Corporate Taxes and Corruption in the Location of FDI; 4 Do Corruption and Taxation Affect Corporate Investment in Developing Countries?; 5 Investment Treaties and Hydrocarbon Taxation in Developing Countries; III; 6 The Effect of a Low Corporate Tax Rate on Payroll Tax Evasion; 7 International Profit Shifting and Multinational Firms in Developing Countries; 8 Too Low to Be True: The Use of Minimum Thresholds to Fight Tax Evasion; IV 327 $a9 Fiscal Federalism and Foreign Transfers: Does Interjurisdictional Competition Increase the Effectiveness of Foreign Aid?10 Taxation and Democracy in Developing Countries; Contributors; Index 330 $aExperts analyze the policy challenges of taxation in developing countries, including corruption, tax evasion, and ineffective political structures. 410 0$aCESifo seminar series. 606 $aTaxation$zDeveloping countries 606 $aTax evasion$zDeveloping countries 606 $aEconomic development$zDeveloping countries 615 0$aTaxation 615 0$aTax evasion 615 0$aEconomic development 676 $a336.2009172/4 701 $aFuest$b Clemens$f1968-$01176111 701 $aZodrow$b George R$0141244 801 0$bMiAaPQ 801 1$bMiAaPQ 801 2$bMiAaPQ 906 $aBOOK 912 $a9910955327503321 996 $aCritical issues in taxation and development$94331444 997 $aUNINA